书目信息 |
| 题名: |
工程制图
|
|
| 作者: | 周宗团 , 姚慧君 主编 | |
| 分册: | ||
| 出版信息: | 西安 西安交通大学出版社 2014 |
|
| 页数: | 291页 | |
| 开本: | 26cm | |
| 丛书名: | ||
| 单 册: | ||
| 中图分类: | TB23 | |
| 科图分类: | ||
| 主题词: | 工程制图 | |
| 电子资源: | ||
| ISBN: | 978-7-5605-6909-3 | |
| 000 | 00856nam0 2200241 450 | |
| 001 | 012015000116 | |
| 005 | 20151130101844.37 | |
| 010 | @a978-7-5605-6909-3@dCNY32.00 | |
| 100 | @a20150126d2014 em y0chiy50 ea | |
| 101 | 0 | @achi |
| 102 | @aCN@b610000 | |
| 105 | @aa z 000yy | |
| 106 | @ar | |
| 200 | 1 | @a工程制图@Agong cheng zhi tu@f周宗团,姚慧君主编 |
| 210 | @a西安@c西安交通大学出版社@d2014 | |
| 215 | @a291页@d26cm | |
| 330 | @a本书分为制图基础、机械制图和计算机绘图基础三个篇目,共13章。内容包括:制图基本知识、点、直线、平面的投影、基本体的三视图、立体表面的交线、组合体的三视图、轴测图、物体的图样表达方法、标准件和常用件、零件图、装配图等。 | |
| 606 | 0 | @a工程制图 |
| 690 | @aTB23@v5 | |
| 701 | 0 | @a周宗团@Azhou zong tuan@4主编 |
| 701 | 0 | @a姚慧君@Ayao hui jun@4主编 |
| 801 | 0 | @aCN@b碧洲教育@c20151127 |
| 905 | @a10447@f4@dTB23@e155 | |
| 工程制图/周宗团,姚慧君主编.-西安:西安交通大学出版社,2014 |
| 291页;26cm |
| ISBN 978-7-5605-6909-3:CNY32.00 |
| 本书分为制图基础、机械制图和计算机绘图基础三个篇目,共13章。内容包括:制图基本知识、点、直线、平面的投影、基本体的三视图、立体表面的交线、组合体的三视图、轴测图、物体的图样表达方法、标准件和常用件、零件图、装配图等。 |
| ● |
| 相关链接 |
|
|
|
|
正题名:工程制图
索取号:TB23/155
 
预约/预借
| 序号 | 登录号 | 条形码 | 馆藏地/架位号 | 状态 | 备注 |
| 1 | 0871286 | 208712865 | 第二样本阅览室/ [索取号:TB23/155] | 在馆 | |
| 2 | 0871287 | 208712874 | 第三借阅区/ [索取号:TB23/155] | 在馆 | |
| 3 | 0871288 | 208712883 | 第三借阅区/ [索取号:TB23/155] | 在馆 | |
| 4 | 0871289 | 208712892 | 第三借阅区/ [索取号:TB23/155] | 在馆 |